| LEADER | 01697nam a2200289 4500 | ||
|---|---|---|---|
| 082 | |a 510.76 |b NG527Đ | ||
| 100 | |a Nguyễn Đức Chí | ||
| 245 | |a 500 bài toán cơ bản và nâng cao THCS 9 |c Nguyễn Đức Chí | ||
| 260 | |a H.: |b Đại học sư phạm, |c 2005 | ||
| 300 | |a 215tr. |c 24cm. | ||
| 520 | |a v.v... | ||
| 653 | |a Toán học | ||
| 653 | |a Đại số | ||
| 653 | |a Hình học | ||
| 653 | |a Bài toán | ||
| 653 | |a Giải bài toán | ||
| 653 | |a Hướng dẫn | ||
| 653 | |a Lớp 9 | ||
| 942 | |2 ddc |c STK0 | ||
| 999 | |c 6783 |d 6783 | ||
| 952 | |0 0 |1 0 |2 ddc |4 0 |6 510_760000000000000_NG527Đ |7 0 |8 500 |9 63639 |a qbu |b qbu |c D3 |d 2015-01-23 |g 22000 |o 510.76 NG527Đ |p 6697.c1 |r 0000-00-00 |w 2015-01-23 |y STK0 | ||
| 952 | |0 0 |1 0 |2 ddc |4 0 |6 510_760000000000000_NG527Đ |7 0 |8 500 |9 63640 |a qbu |b qbu |c D3 |d 2015-01-23 |g 22000 |o 510.76 NG527Đ |p 6697.c2 |r 0000-00-00 |w 2015-01-23 |y STK0 | ||
| 952 | |0 0 |1 0 |2 ddc |4 0 |6 510_760000000000000_NG527Đ |7 0 |8 500 |9 63641 |a qbu |b qbu |c D3 |d 2015-01-23 |g 22000 |o 510.76 NG527Đ |p 6697.c3 |r 0000-00-00 |w 2015-01-23 |y STK0 | ||
| 952 | |0 0 |1 0 |2 ddc |4 0 |6 510_760000000000000_NG527Đ |7 0 |8 500 |9 63642 |a qbu |b qbu |c D3 |d 2015-01-23 |g 22000 |o 510.76 NG527Đ |p 6697.c4 |r 0000-00-00 |w 2015-01-23 |y STK0 | ||
| 952 | |0 0 |1 0 |2 ddc |4 0 |6 510_760000000000000_NG527Đ |7 0 |8 500 |9 63643 |a qbu |b qbu |c D3 |d 2015-01-23 |g 22000 |l 1 |o 510.76 NG527Đ |p 6697.c5 |r 2015-02-10 |s 2015-02-05 |w 2015-01-23 |y STK0 | ||
| 952 | |0 0 |1 0 |2 ddc |4 0 |6 510_760000000000000_NG527Đ |7 0 |8 500 |9 63644 |a qbu |b qbu |c D3 |d 2015-01-23 |g 22000 |l 1 |m 1 |o 510.76 NG527Đ |p 6697.c6 |r 2017-09-21 |s 2017-08-24 |w 2015-01-23 |y STK0 | ||
| 952 | |0 0 |1 0 |2 ddc |4 0 |6 510_760000000000000_NG527Đ |7 0 |8 500 |9 63645 |a qbu |b qbu |c D3 |d 2015-01-23 |g 22000 |o 510.76 NG527Đ |p 6697.c7 |r 0000-00-00 |w 2015-01-23 |y STK0 | ||